000 00291nam a22001217a 4500
008 180802b xxu||||| |||| 00| 0 eng d
082 _a813.52
245 _aThe old testament: An Introduction
_cOden,R
260 _c1992
300 _a4
_fCassette
440 _x18008322412
942 _2ddc
_cMX
999 _c46727
_d46727